[Event "POR-chT"]
[Site "Penafiel"]
[Date "2020.08.27"]
[Round "8.2"]
[White "Silva, Antonio Augusto MC"]
[Black "Dardha, Arben"]
[Result "0-1"]
[WhiteElo "2101"]
[BlackElo "2254"]
[PlyCount "84"]
[EventDate "2020.08.22"]
[EventType "team-tourn"]
[EventRounds "9"]
[EventCountry "POR"]
[SourceTitle "CBM 198 Extra"]
[Source "ChessBase"]
[SourceDate "2020.11.30"]
[SourceVersion "1"]
[SourceVersionDate "2020.11.30"]
[SourceQuality "1"]
[WhiteTeam "Porto A Gx"]
[BlackTeam "Montemor o Velho"]
[WhiteTeamCountry "POR"]
[BlackTeamCountry "POR"]

1. c4 c5 2. g3 g6 3. Bg2 Bg7 4. Nc3 Nc6 5. Nf3 d6 6. 0-0 e5 7. d3 Nge7 8. a3 0-0 9. Rb1 a5 10. e3 h6 11. Ne1 Be6 12. Nd5 Rb8 13. Qe2 b5 14. Nc2 a4 15. Bd2 bxc4 16. dxc4 f5 17. Bc3 e4 18. Bxg7 Kxg7 19. Nxe7 Qxe7 20. Rfc1 Ne5 21. Ne1 Rb3 22. f4 Nc6 23. Rc2 Rfb8 24. Rd1 Na5 25. Bf1 R3b6 26. h3 Qf6 27. Rdd2 Nb3 28. Rd1 h5 29. Ng2 Na5 30. Rdd2 Bc8 31. Qf2 Qf7 32. Qe1 Be6 33. Rxd6 Rxd6 34. Qxa5 Rdb6 35. Qxc5 Rxb2 36. Rxb2 Rxb2 37. g4 hxg4 38. hxg4 Rb1 39. Kf2 fxg4 40. Qe5+ Qf6 41. Qxe4 g3+ 42. Kg1 Qb2 0-1

[Event "POR-chT"]
[Site "Penafiel"]
[Date "2020.08.24"]
[Round "4.4"]
[White "Silva, Antonio Augusto MC"]
[Black "Veiga, Jose Francisco RP"]
[Result "0-1"]
[WhiteElo "2101"]
[BlackElo "2322"]
[PlyCount "58"]
[EventDate "2020.08.22"]
[EventType "team-tourn"]
[EventRounds "9"]
[EventCountry "POR"]
[SourceTitle "CBM 198 Extra"]
[Source "ChessBase"]
[SourceDate "2020.11.30"]
[SourceVersion "1"]
[SourceVersionDate "2020.11.30"]
[SourceQuality "1"]
[WhiteTeam "Porto A Gx"]
[BlackTeam "Montemor o Novo"]
[WhiteTeamCountry "POR"]
[BlackTeamCountry "POR"]

1. c4 Nf6 2. g3 g6 3. Bg2 Bg7 4. Nc3 0-0 5. Nf3 c5 6. 0-0 Nc6 7. d4 d6 8. d5 Na5 9. Qd3 a6 10. Rb1 b5 11. cxb5 c4 12. Qc2 axb5 13. a3 Nb3 14. Bf4 Rb8 15. Rbd1 Bf5 16. e4 Bg4 17. h3 Bxf3 18. Bxf3 Nd7 19. Be3 Qa5 20. Na2 Qa4 21. Nb4 Nbc5 22. Qb1 Rb7 23. Be2 c3 24. bxc3 Bxc3 25. Nc6 Bf6 26. g4 Nxe4 27. Rd4 Bxd4 28. Qxe4 Bf6 29. Qc2 Qxc2 0-1

[Event "POR-chT"]
[Site "Porto"]
[Date "2016.08.16"]
[Round "4.4"]
[White "Pintor, Simao Maciel Abranc"]
[Black "Silva, Antonio Augusto MC"]
[Result "0-1"]
[WhiteElo "2029"]
[BlackElo "2142"]
[PlyCount "78"]
[EventDate "2016.08.14"]
[EventType "team-tourn"]
[EventRounds "9"]
[EventCountry "POR"]
[SourceTitle "CBM 173 Extra"]
[Source "ChessBase"]
[SourceDate "2016.08.29"]
[SourceVersion "1"]
[SourceVersionDate "2016.08.29"]
[SourceQuality "1"]
[WhiteTeam "GX 113"]
[BlackTeam "Porto"]
[WhiteTeamCountry "POR"]
[BlackTeamCountry "POR"]

1. Nf3 f5 2. d3 d6 3. e4 e5 4. Nc3 Nc6 5. d4 fxe4 6. Nxe4 d5 7. Neg5 Bd6 8. Bb5 e4 9. Ne5 Bxe5 10. dxe5 Bf5 11. g4 Bc8 12. c4 h6 13. cxd5 hxg5 14. dxc6 Qxd1+ 15. Kxd1 Bxg4+ 16. Kc2 0-0-0 17. Bxg5 Rd5 18. Bc4 Rxe5 19. Be3 b5 20. Bd4 Rg5 21. h4 Rg6 22. Bxb5 Ne7 23. Bxa7 Nxc6 24. Ba6+ Kd8 25. Bc5 Rh5 26. Ba3 Na5 27. Rhg1 Rd5 28. Rae1 Rc6+ 29. Kb1 Bf5 30. Rd1 e3+ 31. Ka1 Rd7 32. Bb5 exf2 33. Rgf1 Rc2 34. Bxd7 Bxd7 35. Kb1 Re2 36. Bc5 Re5 37. Bxf2 Kc8 38. Bd4 Bf5+ 39. Ka1 Nb3+ 0-1

[Event "POR CupT Associations"]
[Site "Bombarral"]
[Date "2015.10.18"]
[Round "3.3"]
[White "Silva, Antonio Augusto MC"]
[Black "Sousa, Tadeu Filipe Leonar"]
[Result "1-0"]
[WhiteElo "2142"]
[BlackElo "1843"]
[PlyCount "59"]
[EventDate "2015.10.17"]
[EventType "team-k.o."]
[EventRounds "3"]
[EventCountry "POR"]
[SourceTitle "EXT 2018"]
[Source "ChessBase"]
[SourceDate "2017.10.13"]
[SourceVersion "1"]
[SourceVersionDate "2017.10.13"]
[SourceQuality "1"]
[WhiteTeam "Porto GX"]
[BlackTeam "Mata de Benfica"]
[WhiteTeamCountry "POR"]
[BlackTeamCountry "POR"]

1. c4 c5 2. g3 Nc6 3. Bg2 g6 4. Nc3 Bg7 5. a3 e6 6. Rb1 a5 7. Nb5 d6 8. Nf3 Nge7 9. d4 0-0 10. 0-0 cxd4 11. Nfxd4 d5 12. cxd5 Nxd5 13. e4 Nxd4 14. Nxd4 Nf4 15. Bxf4 Qxd4 16. Qxd4 Bxd4 17. e5 g5 18. Rfd1 Bxf2+ 19. Kxf2 gxf4 20. gxf4 f6 21. Ke3 Ra7 22. Rbc1 b5 23. Bc6 Ba6 24. Rd6 Kf7 25. Bd7 Ke7 26. Bxe6 fxe5 27. fxe5 Rd8 28. Rb6 b4 29. Rg1 Kf8 30. Rg8+ 1-0

[Event "POR CupT Associations"]
[Site "Bombarral"]
[Date "2015.10.17"]
[Round "1.2"]
[White "Romano, Luis Miguel Pereira"]
[Black "Silva, Antonio Augusto MC"]
[Result "1/2-1/2"]
[WhiteElo "2034"]
[BlackElo "2142"]
[PlyCount "112"]
[EventDate "2015.10.17"]
[EventType "team-k.o."]
[EventRounds "3"]
[EventCountry "POR"]
[SourceTitle "EXT 2018"]
[Source "ChessBase"]
[SourceDate "2017.10.13"]
[SourceVersion "1"]
[SourceVersionDate "2017.10.13"]
[SourceQuality "1"]
[WhiteTeam "CX A2D"]
[BlackTeam "Porto GX"]
[WhiteTeamCountry "POR"]
[BlackTeamCountry "POR"]

1. d4 d5 2. c4 e6 3. Nc3 Nf6 4. cxd5 exd5 5. Bg5 Be7 6. e3 Nbd7 7. Bd3 c6 8. Qc2 Nh5 9. Bxe7 Qxe7 10. Nge2 g6 11. 0-0 Nb6 12. Na4 Nxa4 13. Qxa4 Bd7 14. b4 a6 15. Qb3 0-0 16. a4 Be6 17. Qb2 Nf6 18. b5 cxb5 19. axb5 Qd6 20. bxa6 bxa6 21. Qa3 Rfd8 22. Qxd6 Rxd6 23. Ra5 Bc8 24. g3 Rb8 25. Rc1 Kg7 26. Kg2 Bg4 27. Rxa6 Bxe2 28. Bxe2 Rxa6 29. Bxa6 Rb2 30. Bd3 Rd2 31. Bb1 Ng4 32. h3 Nxe3+ 33. Kg1 Nc4 34. Be4 Nb6 35. Rc6 dxe4 36. Rxb6 Rxd4 37. h4 Rd1+ 38. Kg2 h5 39. Rb4 Re1 40. Rb6 Re2 41. Kf1 Rd2 42. Rb4 f5 43. Rb6 Rd3 44. Rb4 Rd6 45. Ke2 Ra6 46. Ke3 g5 47. hxg5 Ra3+ 48. Ke2 Kg6 49. Rb8 Kxg5 50. Rg8+ Kf6 51. Rh8 Kg6 52. Rg8+ Kh7 53. Rg5 Ra2+ 54. Ke3 Ra3+ 55. Ke2 Ra2+ 56. Ke3 Ra3+ 1/2-1/2

[Event "POR-chT"]
[Site "Porto"]
[Date "2015.08.21"]
[Round "8.5"]
[White "Silva, Antonio Augusto MC"]
[Black "Guerreiro, Nuno M"]
[Result "1/2-1/2"]
[WhiteElo "2150"]
[BlackElo "2106"]
[PlyCount "82"]
[EventDate "2015.08.16"]
[EventType "team-tourn"]
[EventRounds "9"]
[EventCountry "POR"]
[SourceTitle "EXT 2016"]
[Source "ChessBase"]
[SourceDate "2015.10.08"]
[SourceVersion "1"]
[SourceVersionDate "2015.10.08"]
[SourceQuality "1"]
[WhiteTeam "Porto"]
[BlackTeam "Mata de Benfica"]
[WhiteTeamCountry "POR"]
[BlackTeamCountry "POR"]

1. c4 e5 2. g3 Nc6 3. Bg2 Bc5 4. Nc3 Nf6 5. a3 a6 6. e3 0-0 7. Nge2 Re8 8. 0-0 d6 9. d4 Ba7 10. h3 Ne7 11. b4 Ng6 12. Qc2 Bd7 13. Kh2 Qc8 14. c5 Rb8 15. Bb2 d5 16. dxe5 Nxe5 17. Nd4 c6 18. Rae1 b6 19. Na4 bxc5 20. Nxc5 Bxc5 21. bxc5 Nc4 22. Bc1 Ne4 23. Bxe4 Rxe4 24. f3 Re8 25. g4 Qc7+ 26. Kg2 Qa5 27. e4 Qxc5 28. Qc3 a5 29. Kh1 Qb6 30. Rg1 Qc7 31. f4 f6 32. g5 fxg5 33. Rxg5 Be6 34. Reg1 g6 35. f5 Bf7 36. fxg6 Bxg6 37. Rxg6+ hxg6 38. Rxg6+ Kh7 39. Rh6+ Kg8 40. Rg6+ Kh7 41. Rh6+ Kg8 1/2-1/2

[Event "Porto op"]
[Site "Porto"]
[Date "2015.07.17"]
[Round "7"]
[White "Abrahams, Daniel"]
[Black "Silva, Antonio Augusto MC"]
[Result "1-0"]
[WhiteElo "2080"]
[BlackElo "2182"]
[PlyCount "131"]
[EventDate "2015.07.13"]
[EventType "swiss"]
[EventRounds "9"]
[EventCountry "POR"]
[SourceTitle "CBM 167 Extra"]
[Source "ChessBase"]
[SourceDate "2015.09.14"]
[SourceVersion "1"]
[SourceVersionDate "2015.09.14"]
[SourceQuality "1"]

1. e4 Nf6 2. e5 Nd5 3. d4 d6 4. Nf3 dxe5 5. Nxe5 c6 6. Be2 Bf5 7. 0-0 e6 8. c4 Nb6 9. Nc3 N8d7 10. Nf3 Be7 11. Be3 0-0 12. Qd2 Nf6 13. a3 Bg4 14. Ne5 Bxe2 15. Qxe2 Nbd7 16. Rad1 Qa5 17. Nxd7 Nxd7 18. d5 cxd5 19. cxd5 e5 20. d6 Bd8 21. Nd5 Qa4 22. Qf3 Re8 23. Nc7 Bxc7 24. dxc7 e4 25. Qf5 Nf8 26. Rd4 Qc6 27. Rc1 Qe6 28. Qxe6 Nxe6 29. Rxe4 Nxc7 30. Rb4 Nd5 31. Rxb7 a6 32. Ra7 Rxa7 33. Bxa7 h6 34. Kf1 Nf4 35. Be3 Nd3 36. Rc2 f5 37. Rd2 Ne5 38. Bd4 Nc4 39. Rc2 Nd6 40. Rc7 g5 41. Rg7+ Kf8 42. Rd7 Nc4 43. Bg7+ Kg8 44. Bxh6 g4 45. Rg7+ Kh8 46. Rc7 Re6 47. Rxc4 Rxh6 48. Ra4 Rc6 49. g3 Kg7 50. Ke2 Rc2+ 51. Ke3 Rxb2 52. Rxa6 Rb3+ 53. Ke2 Rb2+ 54. Kf1 Ra2 55. a4 Kf7 56. a5 Kg7 57. Ra7+ Kg6 58. a6 Kf6 59. Ra8 Kg6 60. a7 Kg7 61. Kg2 Kh7 62. h4 Kg7 63. h5 Kh7 64. Kf1 Kg7 65. Ke1 Kh7 66. h6 1-0

[Event "Porto op"]
[Site "Porto"]
[Date "2015.07.14"]
[Round "2"]
[White "Silva, Antonio Augusto MC"]
[Black "Kuzmicz, Krystian"]
[Result "0-1"]
[WhiteElo "2182"]
[BlackElo "2475"]
[PlyCount "70"]
[EventDate "2015.07.13"]
[EventType "swiss"]
[EventRounds "9"]
[EventCountry "POR"]
[SourceTitle "CBM 167 Extra"]
[Source "ChessBase"]
[SourceDate "2015.09.14"]
[SourceVersion "1"]
[SourceVersionDate "2015.09.14"]
[SourceQuality "1"]

1. Nf3 g6 2. c4 Bg7 3. g3 e5 4. Nc3 f5 5. d3 d6 6. Bg2 Nf6 7. 0-0 0-0 8. Rb1 h6 9. b4 Nc6 10. b5 Ne7 11. Qc2 g5 12. Ba3 Be6 13. Nd2 Rb8 14. e3 f4 15. exf4 exf4 16. Nce4 Nxe4 17. Bxe4 Bh3 18. Rfe1 fxg3 19. hxg3 Qd7 20. Bb2 Rf7 21. Bxg7 Kxg7 22. Qc3+ Kg8 23. Rb2 Rbf8 24. Nf1 b6 25. Ne3 Be6 26. Qd4 Rf6 27. Rbe2 R8f7 28. Bg2 Kg7 29. a4 Ng6 30. Nd5 Bxd5 31. Bxd5 Rf8 32. Bc6 Qf5 33. Kg2 h5 34. Qb2 Qg4 35. Bd5 Nf4+ 0-1

[Event "POR-chT Districts"]
[Site "Pombal"]
[Date "2015.07.05"]
[Round "4.1"]
[White "Silva, Antonio Augusto MC"]
[Black "Romano, Luis Miguel Pereira"]
[Result "0-1"]
[WhiteElo "2182"]
[BlackElo "2008"]
[PlyCount "58"]
[EventDate "2015.07.04"]
[EventType "team-swiss"]
[EventRounds "4"]
[EventCountry "POR"]
[SourceTitle "EXT 2018"]
[Source "ChessBase"]
[SourceDate "2017.10.13"]
[SourceVersion "1"]
[SourceVersionDate "2017.10.13"]
[SourceQuality "1"]
[WhiteTeam "Porto"]
[BlackTeam "Braga"]
[WhiteTeamCountry "POR"]
[BlackTeamCountry "POR"]

1. Nf3 d5 2. c4 e6 3. g3 Nf6 4. Bg2 Be7 5. b3 0-0 6. Bb2 c5 7. e3 Nc6 8. 0-0 dxc4 9. bxc4 Qd3 10. Na3 Rd8 11. Re1 e5 12. Bf1 Qf5 13. d4 cxd4 14. exd4 exd4 15. Nb5 Bb4 16. Nbxd4 Qh5 17. Re3 Bg4 18. Qb3 Bc5 19. Nxc6 Bxe3 20. Nxd8 Bxf2+ 21. Kxf2 Ne4+ 22. Kg2 Rxd8 23. Re1 Nd2 24. Re8+ Rxe8 25. Nxd2 Bh3+ 26. Kh1 Re1 27. Qd3 Qa5 28. Qd4 f6 29. Bc3 Qf5 0-1

[Event "POR-ch Seniors"]
[Site "Sao Pedro do Sul"]
[Date "2015.01.13"]
[Round "3"]
[White "Morais, Vitor Mestre"]
[Black "Silva, Antonio Augusto MC"]
[Result "0-1"]
[WhiteElo "1934"]
[BlackElo "2154"]
[PlyCount "40"]
[EventDate "2015.01.11"]
[EventType "swiss"]
[EventRounds "7"]
[EventCountry "POR"]
[SourceTitle "EXT 2018"]
[Source "ChessBase"]
[SourceDate "2017.10.13"]
[SourceVersion "1"]
[SourceVersionDate "2017.10.13"]
[SourceQuality "1"]

1. c4 e5 2. Nc3 Nc6 3. g3 f5 4. Bg2 Nf6 5. e3 d5 6. Nxd5 Nxd5 7. cxd5 Nb4 8. Qb3 e4 9. Ne2 Nd3+ 10. Kf1 Bd6 11. f3 0-0 12. Nf4 Bxf4 13. exf4 Qf6 14. d6+ Kh8 15. Qc3 Qxd6 16. fxe4 fxe4 17. Bxe4 Bh3+ 18. Ke2 Bg4+ 19. Ke3 Rad8 20. Bxd3 Qb6+ 0-1

[Event "POR-ch Seniors"]
[Site "Sao Pedro do Sul"]
[Date "2015.01.12"]
[Round "2"]
[White "Silva, Antonio Augusto MC"]
[Black "Mendes, Alberto Correia"]
[Result "1-0"]
[WhiteElo "2154"]
[BlackElo "1800"]
[PlyCount "45"]
[EventDate "2015.01.11"]
[EventType "swiss"]
[EventRounds "7"]
[EventCountry "POR"]
[SourceTitle "EXT 2018"]
[Source "ChessBase"]
[SourceDate "2017.10.13"]
[SourceVersion "1"]
[SourceVersionDate "2017.10.13"]
[SourceQuality "1"]

1. Nf3 d5 2. c4 e6 3. b3 dxc4 4. bxc4 Be7 5. Bb2 Bf6 6. d4 c5 7. e3 Nc6 8. Be2 Nge7 9. Nbd2 cxd4 10. Ne4 Qa5+ 11. Kf1 e5 12. exd4 0-0 13. d5 Rd8 14. Qb3 Nd4 15. Nxd4 exd4 16. Nxf6+ gxf6 17. Bxd4 f5 18. Qe3 Ng6 19. Qh6 f6 20. Bxf6 Rd7 21. Bh5 Qa6 22. Bxg6 Qxf6 23. Bxh7+ 1-0

[Event "POR-ch Seniors rapid"]
[Site "Sao Pedro do Sul"]
[Date "2015.01.10"]
[Round "4"]
[White "Silva, Antonio Augusto MC"]
[Black "Fernandes, Antonio ETG"]
[Result "0-1"]
[WhiteElo "2161"]
[BlackElo "2459"]
[PlyCount "58"]
[EventDate "2015.01.10"]
[EventType "swiss (rapid)"]
[EventRounds "6"]
[EventCountry "POR"]
[SourceTitle "EXT 2018"]
[Source "ChessBase"]
[SourceDate "2017.10.13"]
[SourceVersion "1"]
[SourceVersionDate "2017.10.13"]
[SourceQuality "1"]

1. c4 Nf6 2. g3 g6 3. Bg2 d5 4. Nf3 Bg7 5. 0-0 0-0 6. Qc2 d4 7. d3 c5 8. a3 Nc6 9. Bd2 a5 10. Bg5 h6 11. Bc1 e5 12. Nbd2 Be6 13. Re1 Qd7 14. Nf1 Ne8 15. e4 dxe3 16. Bxe3 b6 17. Bxh6 Bxh6 18. Nxe5 Nxe5 19. Bxa8 Nc6 20. Qa4 Nd4 21. Qxd7 Bxd7 22. Re7 Nf6 23. Bd5 Nf5 24. Ree1 Nxd5 25. cxd5 Nd4 26. Re7 Rd8 27. Kg2 Bf8 28. Re5 Bd6 29. Re4 f5 0-1

[Event "POR-ch Seniors rapid"]
[Site "Sao Pedro do Sul"]
[Date "2015.01.10"]
[Round "2"]
[White "Silva, Antonio Augusto MC"]
[Black "Silva, Rui Manuel De Alm"]
[Result "1-0"]
[WhiteElo "2161"]
[BlackElo "1777"]
[PlyCount "97"]
[EventDate "2015.01.10"]
[EventType "swiss (rapid)"]
[EventRounds "6"]
[EventCountry "POR"]
[SourceTitle "EXT 2018"]
[Source "ChessBase"]
[SourceDate "2017.10.13"]
[SourceVersion "1"]
[SourceVersionDate "2017.10.13"]
[SourceQuality "1"]

1. e4 e5 2. Nc3 Nf6 3. f4 d6 4. Nf3 Nc6 5. Bc4 Be7 6. 0-0 0-0 7. d3 Bg4 8. h3 Bxf3 9. Qxf3 Nd4 10. Qf2 h6 11. fxe5 dxe5 12. Nd5 c6 13. Nxe7+ Qxe7 14. c3 Ne6 15. Bxh6 gxh6 16. Qxf6 Qxf6 17. Rxf6 Kh7 18. Bxe6 fxe6 19. Rxe6 Rae8 20. Rxe8 Rxe8 21. Kf2 Rf8+ 22. Ke2 Kg6 23. Rf1 Rd8 24. g4 c5 25. Ke3 b6 26. Rf5 Re8 27. a4 Re7 28. d4 cxd4+ 29. cxd4 exd4+ 30. Kxd4 Rd7+ 31. Rd5 Rf7 32. a5 bxa5 33. Rxa5 Rb7 34. h4 Rxb2 35. Ra6+ Kg7 36. Rxa7+ Kf6 37. Ra6+ Kg7 38. Ke5 Rb5+ 39. Kf4 Rb7 40. g5 hxg5+ 41. hxg5 Rf7+ 42. Kg4 Re7 43. Kf5 Rf7+ 44. Rf6 Ra7 45. g6 Ra5+ 46. e5 Ra7 47. Rd6 Re7 48. e6 Ra7 49. Rd7+ 1-0

[Event "Matosinhos Lentas"]
[Site "Matosinhos"]
[Date "2014.10.31"]
[Round "1"]
[White "Silva, Antonio Augusto MC"]
[Black "Ferreira, Jorge Viterbo"]
[Result "1/2-1/2"]
[WhiteElo "2171"]
[BlackElo "2422"]
[PlyCount "34"]
[EventDate "2014.10.31"]
[EventType "tourn"]
[EventRounds "5"]
[EventCountry "POR"]
[SourceTitle "EXT 2015"]
[Source "ChessBase"]
[SourceDate "2014.11.20"]
[SourceVersion "1"]
[SourceVersionDate "2014.11.20"]
[SourceQuality "1"]

1. d4 Nf6 2. c4 e6 3. Nc3 Bb4 4. Qb3 c5 5. Nf3 Nc6 6. d5 Na5 7. Qc2 exd5 8. cxd5 Nxd5 9. e4 Bxc3+ 10. bxc3 Ne7 11. Bf4 d5 12. Rd1 0-0 13. Be2 Qb6 14. exd5 Bf5 15. Qd2 Rad8 16. c4 Nc8 17. Nh4 Be4 1/2-1/2

[Event "Matosinhos Lentas"]
[Site "Matosinhos"]
[Date "2014.10.31"]
[Round "2"]
[White "Sousa, Andre Ventura"]
[Black "Silva, Antonio Augusto MC"]
[Result "1/2-1/2"]
[WhiteElo "2107"]
[BlackElo "2171"]
[PlyCount "67"]
[EventDate "2014.10.31"]
[EventType "tourn"]
[EventRounds "5"]
[EventCountry "POR"]
[SourceTitle "EXT 2015"]
[Source "ChessBase"]
[SourceDate "2014.11.20"]
[SourceVersion "1"]
[SourceVersionDate "2014.11.20"]
[SourceQuality "1"]

1. Nf3 d5 2. g3 Nf6 3. Bg2 Bf5 4. 0-0 e6 5. d3 h6 6. c4 c6 7. Nc3 Be7 8. Nd4 Bh7 9. Qb3 Qb6 10. e4 dxe4 11. dxe4 Nbd7 12. Qxb6 axb6 13. h3 e5 14. Nf5 Bxf5 15. exf5 Bc5 16. a3 0-0 17. Ra2 Bd4 18. Ne4 Nxe4 19. Bxe4 Nc5 20. Bc2 Rfd8 21. b4 Na4 22. Bxa4 Rxa4 23. Rd2 c5 24. bxc5 bxc5 25. Rc2 Rd6 26. Kg2 Rb6 27. Kf3 Rb3+ 28. Ke4 Rb1 29. Rd1 Bxf2 30. Rd8+ Kh7 31. Kxe5 Bxg3+ 32. Kd5 b5 33. Kxc5 bxc4 34. Bb2 1/2-1/2

[Event "Famalicao op 2nd"]
[Site "Famalicao"]
[Date "2014.09.06"]
[Round "7"]
[White "Campora, Daniel Hugo"]
[Black "Silva, Antonio Augusto MC"]
[Result "1/2-1/2"]
[WhiteElo "2456"]
[BlackElo "2168"]
[PlyCount "113"]
[EventDate "2014.09.01"]
[EventType "swiss"]
[EventRounds "7"]
[EventCountry "POR"]
[SourceTitle "EXT 2018"]
[Source "ChessBase"]
[SourceDate "2017.10.13"]
[SourceVersion "1"]
[SourceVersionDate "2017.10.13"]
[SourceQuality "1"]

1. e4 Nf6 2. e5 Nd5 3. c4 Nb6 4. c5 Nd5 5. Nc3 e6 6. d4 d6 7. cxd6 cxd6 8. Nf3 Nc6 9. Bb5 Qa5 10. 0-0 Nxc3 11. Bxc6+ bxc6 12. bxc3 Ba6 13. Re1 Be7 14. Qc2 d5 15. a4 Rb8 16. Ba3 Bxa3 17. Rxa3 Bc4 18. h4 h6 19. Nd2 Rb7 20. Rb1 Rb6 21. Rxb6 axb6 22. Nxc4 dxc4 23. Qa2 Qa6 24. a5 b5 25. Qb2 0-0 26. Qb4 Ra8 27. g3 Qc8 28. f3 Ra6 29. Kf2 h5 30. Ke3 Qd8 31. Ra2 g6 32. Kf4 Kg7 33. Qd6 Qa8 34. Qb4 Qd8 35. Ke3 Kg8 36. Kf2 Kg7 37. Kg2 Kg8 38. Kh3 Qd5 39. Kg2 Qd8 40. Kf1 Kg7 41. Ke2 Kg8 42. Ke3 Kg7 43. Ra1 Kg8 44. Kf4 Kg7 45. Ke3 Kg8 46. d5 exd5 47. Qd6 Qc8 48. Kf2 c5 49. Qxd5 Qc7 50. Re1 Qxa5 51. e6 Rxe6 52. Rxe6 fxe6 53. Qxe6+ Kg7 54. Qe7+ Kg8 55. Qe6+ Kg7 56. Qe5+ Kh7 57. Qe7+ 1/2-1/2

[Event "Famalicao op 2nd"]
[Site "Famalicao"]
[Date "2014.09.04"]
[Round "5"]
[White "Silva, Antonio Augusto MC"]
[Black "Sousa, Hugo Carneiro"]
[Result "1-0"]
[WhiteElo "2168"]
[BlackElo "1733"]
[PlyCount "35"]
[EventDate "2014.09.01"]
[EventType "swiss"]
[EventRounds "7"]
[EventCountry "POR"]
[SourceTitle "EXT 2018"]
[Source "ChessBase"]
[SourceDate "2017.10.13"]
[SourceVersion "1"]
[SourceVersionDate "2017.10.13"]
[SourceQuality "1"]

1. Nf3 e6 2. g3 f5 3. Bg2 Nf6 4. 0-0 d5 5. c4 Bd6 6. d3 0-0 7. Nc3 dxc4 8. dxc4 Nc6 9. e4 e5 10. exf5 Bxf5 11. Qb3 Qc8 12. Be3 Na5 13. Qa4 Bd3 14. Qxa5 Bxf1 15. Rxf1 Qe6 16. c5 Be7 17. Ng5 Qc8 18. Nd5 1-0

[Event "Gaia Profigaia op 7th"]
[Site "Vila Nova de Gaia"]
[Date "2014.06.30"]
[Round "5"]
[White "Silva, Antonio Augusto MC"]
[Black "Pintor, Simao Maciel Abranc"]
[Result "1-0"]
[WhiteElo "2190"]
[BlackElo "1979"]
[PlyCount "93"]
[EventDate "2014.06.28"]
[EventType "swiss"]
[EventRounds "9"]
[EventCountry "POR"]
[SourceTitle "CBM 161 Extra"]
[Source "ChessBase"]
[SourceDate "2014.08.29"]
[SourceVersion "1"]
[SourceVersionDate "2014.08.29"]
[SourceQuality "1"]

1. Nf3 Nf6 2. c4 g6 3. b4 Bg7 4. Bb2 0-0 5. g3 d6 6. Bg2 e5 7. d3 a5 8. a3 Na6 9. 0-0 Nh5 10. Qb3 Be6 11. Nc3 f5 12. Rab1 g5 13. Nd2 c6 14. b5 Nc5 15. Qc2 Qd7 16. bxc6 bxc6 17. Na4 Nxa4 18. Qxa4 Rac8 19. c5 d5 20. Nf3 d4 21. Nxg5 Bd5 22. Bxd5+ Qxd5 23. Rfc1 Bh6 24. h4 Bxg5 25. hxg5 Qd7 26. e3 f4 27. Qc4+ Rf7 28. exf4 Qh3 29. Rc2 Nxg3 30. fxg3 Qxg3+ 31. Rg2 Qxf4 32. Re1 Kh8 33. Qe6 Rcf8 34. Qxe5+ Qxe5 35. Rxe5 Rf1+ 36. Kh2 R8f4 37. Re4 Rxe4 38. dxe4 Rd1 39. Kg3 Kg8 40. Kf4 Rf1+ 41. Ke5 d3 42. Rd2 Rf3 43. Kd6 Kf7 44. e5 Re3 45. Bd4 Rg3 46. e6+ Ke8 47. Rb2 1-0

[Event "Porto Axis op"]
[Site "Porto"]
[Date "2014.03.14"]
[Round "4"]
[White "Silva, Antonio Augusto MC"]
[Black "Romano, Luis Miguel Pereira"]
[Result "0-1"]
[WhiteElo "2220"]
[BlackElo "1894"]
[PlyCount "126"]
[EventDate "2014.03.11"]
[EventType "swiss"]
[EventRounds "7"]
[EventCountry "POR"]
[SourceTitle "EXT 2015"]
[Source "ChessBase"]
[SourceDate "2014.11.20"]
[SourceVersion "1"]
[SourceVersionDate "2014.11.20"]
[SourceQuality "1"]

1. c4 e5 2. g3 Nf6 3. Bg2 d5 4. cxd5 Nxd5 5. Nf3 Nc6 6. 0-0 Nb6 7. d3 Be7 8. Nbd2 0-0 9. a3 Be6 10. b4 f6 11. Bb2 a6 12. Qc2 Qd7 13. Rfd1 Rfd8 14. Ne4 Qe8 15. Nc5 Bxc5 16. bxc5 Nd5 17. d4 exd4 18. Nxd4 Nxd4 19. Rxd4 c6 20. Rad1 Nc7 21. Qd2 Rxd4 22. Qxd4 Qe7 23. Qd6 Qxd6 24. cxd6 Rd8 25. Bc3 Nd5 26. Ba5 b6 27. Be1 f5 28. g4 g6 29. gxf5 gxf5 30. e4 fxe4 31. Bxe4 Rxd6 32. f3 Rd7 33. Rc1 c5 34. Bh4 Nf4 35. Rb1 b5 36. Kf2 Ng6 37. Bg3 Rd2+ 38. Ke1 Ra2 39. Bd6 Rxa3 40. Bxc5 Ra2 41. Bd6 Bc4 42. Rc1 Kf7 43. Rc3 a5 44. Kd1 h5 45. Kc1 Ne7 46. Bb1 Re2 47. f4 Rxh2 48. Re3 Rh1+ 49. Kb2 Nd5 50. Rg3 Rh2+ 51. Kc1 Rf2 52. Be5 Nxf4 53. Rg5 Ke6 54. Bc7 a4 55. Bh7 Ne2+ 56. Kb2 Nf4+ 57. Ka3 Ra2+ 58. Kb4 Nd5+ 59. Kc5 Nxc7 60. Bg8+ Kf6 61. Bxc4 Kxg5 62. Bxa2 h4 63. Kc6 b4 0-1

[Event "St Joao da Madeira op 10th"]
[Site "Sao Joao da Madeira"]
[Date "2013.10.13"]
[Round "7.4"]
[White "Viela, Andre Filipe Folha"]
[Black "Silva, Antonio Augusto MC"]
[Result "1-0"]
[WhiteElo "2199"]
[BlackElo "2214"]
[PlyCount "84"]
[EventDate "2013.10.05"]
[EventType "swiss"]
[EventRounds "7"]
[EventCountry "POR"]
[SourceTitle "EXT 2015"]
[Source "ChessBase"]
[SourceDate "2014.11.20"]
[SourceVersion "1"]
[SourceVersionDate "2014.11.20"]
[SourceQuality "1"]

1. d4 d5 2. Nf3 Nf6 3. g3 e6 4. c4 dxc4 5. Qa4+ Nc6 6. Bg2 Bb4+ 7. Bd2 Nd5 8. Bxb4 Ndxb4 9. 0-0 Rb8 10. Rc1 b5 11. Qd1 0-0 12. Nc3 a6 13. Ne4 Qe7 14. Qd2 Rd8 15. b3 f5 16. Neg5 Nxd4 17. Nxd4 e5 18. a3 Rxd4 19. Qxb4 Qxg5 20. e3 Rd8 21. bxc4 Bb7 22. cxb5 Bxg2 23. Kxg2 Rxb5 24. Qc4+ Kh8 25. Qxc7 Rbd5 26. Rc5 Qg4 27. Rxd5 Qe4+ 28. Kg1 Qxd5 29. Rc1 h6 30. Rc5 Qa8 31. Qc6 Qb8 32. Kg2 Rd6 33. Qc8+ Qxc8 34. Rxc8+ Kh7 35. Rc5 Re6 36. Kf3 g5 37. e4 g4+ 38. Ke3 Kg6 39. f3 gxf3 40. Kxf3 Kf6 41. Rc8 fxe4+ 42. Kxe4 Rb6 1-0